Introduction to Networking : (Record no. 176412)
[ view plain ]
| 000 -LEADER | |
|---|---|
| fixed length control field | 00859 a2200181 4500 |
| 003 - CONTROL NUMBER IDENTIFIER | |
| control field | Nust |
| 005 - DATE AND TIME OF LATEST TRANSACTION | |
| control field | 20220728182943.0 |
| 020 ## - INTERNATIONAL STANDARD BOOK NUMBER | |
| International Standard Book Number | 0070534543 |
| 040 ## - CATALOGING SOURCE | |
| Transcribing agency | Nust |
| 082 ## - DEWEY DECIMAL CLASSIFICATION NUMBER | |
| Classification number | 004.6,MCN |
| 100 ## - MAIN ENTRY--PERSONAL NAME | |
| Personal name | McMahon, Richard A |
| 9 (RLIN) | 95712 |
| 245 ## - TITLE STATEMENT | |
| Title | Introduction to Networking : |
| Remainder of title | Mike Meyers Computer Skills / |
| Statement of responsibility, etc. | Richard A Mcmahon, Sr |
| 260 ## - PUBLICATION, DISTRIBUTION, ETC. | |
| Place of publication, distribution, etc. | New Delhi |
| Name of publisher, distributor, etc. | Tata McGraw Hill |
| Date of publication, distribution, etc. | 2003 |
| 300 ## - PHYSICAL DESCRIPTION | |
| Extent | 395 p.: |
| 505 ## - FORMATTED CONTENTS NOTE | |
| Formatted contents note | Introducing Basic Networks Concepts (Page-1), Installing Network Hardware (Page-28), Communicating Over Networks (Page-54), Installing Networks Operating Systems (Page-92), Accessing Networks (Page-134), Building A Directory Service (Page-168), Creating Networks File Systems (Page-208), Printing Over a Network (Page-252), Securing a Network (Page-284), Managing a Network (Page-312). |
| 650 ## - SUBJECT ADDED ENTRY--TOPICAL TERM | |
| Location of event | NetWorking |
| 942 ## - ADDED ENTRY ELEMENTS (KOHA) | |
| Source of classification or shelving scheme | |
| Koha item type | Book |
| Call number prefix | 004.6,MCN |
| Withdrawn status | Lost status | Source of classification or shelving scheme | Damaged status | Not for loan | Permanent Location | Current Location | Shelving location | Date acquired | Full call number | Barcode | Date last seen | Price effective from | Koha item type | Public note |
|---|---|---|---|---|---|---|---|---|---|---|---|---|---|---|
| Military College of Signals (MCS) | Military College of Signals (MCS) | General Stacks | 12/12/2016 | 004.6,MCM | MCS32611 | 12/08/2016 | 12/12/2016 | Book | Almirah No.8, Shelf No.2 |
